Culturas híbridas: estrategias para entrar y salir de la modernidad

Guardat en:
Dades bibliogràfiques
Autor principal: García Canclini, Néstor (Autor)
Format: Llibre
Idioma:espanyol
Publicat: Ciudad de México Grijalbo 1990
Col·lecció:Los noventa, 50
Matèries:
Etiquetes: Afegir etiqueta
Sense etiquetes, Sigues el primer a etiquetar aquest registre!

MARC

LEADER 00000cam a2200000 a 4500
001 UCV9740
003 CL-VaPUC
008 930419e19900000MX |||||||||||||||||spa|d
020 |a 9684199546 
082 0 4 |a 306  |b GAR  |2 21 
100 |a García Canclini, Néstor  |e author  |9 536669 
245 1 0 |a Culturas híbridas: estrategias para entrar y salir de la modernidad 
300 |a 363 p 
942 |c BK 
945 |d 19930419 00:00:00 
260 |a Ciudad de México  |b Grijalbo  |c 1990 
650 0 |a Antropología cultural y social   |9 265143 
650 0 |a Postmodernismo  |9 268655 
650 0 |a Civilización   |9 255823 
651 0 |a América Latina   |9 255027 
583 |a last modification  |c 20130627 03:13:59  |k Rodrigo Vera 
490 0 |a Los noventa, 50 
999 |c 215040  |d 215038 
952 |0 0  |1 0  |4 0  |6 306_000000000000000_GAR_1990  |7 0  |8 A  |9 198951  |a BIBARQ  |b BIBARQ  |d 2019-11-14  |i 2662965  |o 306 GAR 1990  |p 2662965  |r 2025-01-20  |w 2019-11-14  |y BK  |k ARQ 
952 |0 0  |1 0  |4 0  |6 306_000000000000000_GAR_1990  |7 0  |8 R  |9 198952  |a BIBGIM  |b BIBGIM  |d 2019-11-14  |i 4985125  |l 1  |o 306 GAR 1990  |p 4985125  |r 2025-01-15  |s 2024-05-02  |w 2019-11-14  |y BK_R  |k GIM